Normal view
MARC view
Entry Personal Name
001 - CONTROL NUMBER
- control field: 2276
003 - CONTROL NUMBER IDENTIFIER
- control field: ARRUPE
005 - DATE AND TIME OF LATEST TRANSACTION
- control field: 20131008162730.0
008 - FIXED-LENGTH DATA ELEMENTS
- fixed length control field: 131008|| aca||aabn | a|a d
040 ## - CATALOGING SOURCE
- Original cataloging agency: ARRUPE
- Transcribing agency: ARRUPE
100 ## - HEADING--PERSONAL NAME
- Personal name: Nelson, Benjamin,
- Dates associated with a name: 1911-1977,
- Relator term: ed.
670 ## - SOURCE DATA FOUND
- Source citation: Work cat.: (ARRUPE)0: Rossi, Paolo, 1923- 2274, Philosophy, technology, and the arts in the early modern era., [1970]